000 005870000a22002650004500
082 _aN915.426
_bT569k
_cN
518 _a20080527
530 _aM
100 _aThapa, Rajeshwar
245 _aKanchanjunga itibritanta
260 _aLalitpur
_bE. Pemba Lama, Nepal
260 _c2064 B.S.
300 _a250p.
041 _aNep
365 _aRs.250.00
500 _aBibliography: p. 247-250
650 _aDescription and travel
650 _aHistory
650 _aCulture
650 _aNature
650 _aMountains
651 _aNepal
015 _aNNB
942 _cGEN
999 _c45453
_d45453